000 00618nam a2200241 i 4500
001 C2-0268373
003 PPAK
005 20180727235318.0
008 060808s2001 enka|||| ||||| | eng d
020 _a0141311339
040 _aPPAK
_beng
_cPPAK
_erda
082 0 4 _a823
_223
090 0 0 _a823
_bDAH
_dK
100 1 _aDahl, Roald,
_eauthor
245 1 0 _aEsio trot
264 1 _aLondon :
_bPuffin Books ,
_c2001
300 _a55 pages :
_billustrations ;
_c20 cm
336 _2rdacontent
_atext
337 _2rdamedia
_aunmediated
338 _2rdacarrier
_avolume
650 1 0 _aEnglish fiction
942 _ddc
_cB
999 _c77190
_d77190